Country Showdown: Population - Sudden Death - Statistics

General Stats
  • This quiz has been taken 1,012 times
  • The average score is 3 of 15
Answers on the Grid
Answers color-coded by a green-red scale on the quiz's grid according to % correct below.
China
India
Nigeria
Pakistan
Bangladesh
Russia
D. R. Congo
Egypt
Iran
Turkey
France
Italy
Kenya
Uganda
South Korea
Spain
Australia
Canada
Zambia
Zimbabwe
North Korea
Saudi Arabia
Denmark
Norway
Slovakia
Slovenia
Estonia
Latvia
Mongolia
Namibia
 
Answer Stats
Answer % Correct
India
98%
Pakistan
53%
Bangladesh
43%
Egypt
22%
France
20%
Iran
15%
South Korea
13%
Canada
12%
Kenya
12%
Saudi Arabia
8%
Zambia
6%
Slovakia
5%
Denmark
4%
Latvia
4%
Mongolia
2%
No matching quizzes found
Score Distribution
Percent of People with Each Score
Percentile by Number Answered
Your Score History
You have not taken this quiz